| 000 | 00539nam a2200205Ia 4500 | ||
|---|---|---|---|
| 005 | 20250425160747.0 | ||
| 008 | 250425s9999 xx 000 0 und d | ||
| 020 | _a9978620850 | ||
| 041 | _aspa | ||
| 082 | _a808.543 | ||
| 100 | _aROJAS, ÁNGEL FELICÍSIMO | ||
| 245 | 0 | _aEL BUSTO DE DOÑA LEONOR: CUENTOS DE JUVENTUD | |
| 250 | _a1A ED. | ||
| 260 |
_aEcuador _bCASA DE LA CULTURA ECUATORIANA BENJAMIN CARRION _c1998 |
||
| 260 | _aGUAYAQUIL | ||
| 300 | _a173 | ||
| 650 | _aCUENTOS ECUATORIANOS | ||
| 942 | _c01 | ||
| 010 | _a4649 | ||
| 999 |
_c195622 _d195622 |
||